| 000 | 01051nac a22003617a 4500 | ||
|---|---|---|---|
| 001 | BR9301564 | ||
| 003 | BR-BrBNA | ||
| 005 | 20240105121442.0 | ||
| 008 | 230509b bl.|||m| |||| 00| 0 por d | ||
| 040 |
_aBR-BrBNA _bpor _cBiblioteca Nacional de Agricultura |
||
| 072 | _aF07; P33; F01 | ||
| 090 | _a0336 BR9301564 | ||
| 100 | 1 | _aTomasini, R.G.A. | |
| 100 | 1 | _aVelloso, J.A.R. de O. | |
| 100 | 1 | _aAmantino, J.K. | |
| 100 | 1 | _aAmbrosi, I. | |
| 110 | 1 | _aCentro Nacional de Pesquisa de Trigo, Passo Fundo, RS (Brasil) | |
| 245 | 1 | _aCampo bruto melhorado: graos, solo e vida | |
| 260 | 3 |
_aPasso Fundo, RS (Brasil): _c1987. |
|
| 300 | _a22 p. | ||
| 490 |
_aDocumentos - Centro Nacional de Pesquisa de Trigo (Brazil) _vno. 6 _xISSN 0101-6644 |
||
| 650 | _aSoja | ||
| 650 | _aTrigo | ||
| 650 | _aAzevem | ||
| 650 | _aMilho | ||
| 650 | _aErvilhaca | ||
| 650 | _aSolo | ||
| 650 | _aAnalise do Solo | ||
| 650 | _aSemeadura | ||
| 650 | _aQuimica do Solo | ||
| 909 |
_a202312 _bLúcia Elande _c55 _dLúcia Elande |
||
| 942 |
_2AGRIS _n0 _cMS |
||
| 999 |
_c285399 _d285399 |
||